Bezúhonnosť zamestnanca
Bezúhonnosť ako pojem v práve. Pracovný pomer a bezúhonnosť zamestnanca. Bezúhonnosť pri výkone prác vo verejnom záujme. Bezúhonnosť zamestnancov v školstve. Bezúhonnosť zamestnancov v obecnej samospráve. Bezúhonnosť zdravotníckych zamestnancov. Bezúhonnosť pri výkone štátnej služby.
Uložené v:
| Hlavný autor: | |
|---|---|
| Médium: | Kapitola |
| Jazyk: | Slovak |
| Predmet: | |
| Tagy: |
Žiadne tagy, Buďte prvý, kto otaguje tento záznam!
|
MARC
| LEADER | 00000naa a2200000 4500 | ||
|---|---|---|---|
| 001 | 0203956 | ||
| 005 | 20231109105117.4 | ||
| 041 | 0 | |a slo | |
| 044 | |a SK | ||
| 245 | 1 | 0 | |a Bezúhonnosť zamestnanca |c Milena Barinková |
| 520 | |a Bezúhonnosť ako pojem v práve. Pracovný pomer a bezúhonnosť zamestnanca. Bezúhonnosť pri výkone prác vo verejnom záujme. Bezúhonnosť zamestnancov v školstve. Bezúhonnosť zamestnancov v obecnej samospráve. Bezúhonnosť zdravotníckych zamestnancov. Bezúhonnosť pri výkone štátnej služby. | ||
| 610 | 2 | 0 | |a zamestnanci |
| 610 | 2 | 0 | |a zamestnávatelia |
| 610 | 2 | 0 | |a právo |
| 610 | 2 | 0 | |a vzťahy pracovnoprávne |
| 610 | 2 | 0 | |a školstvo |
| 610 | 2 | 0 | |a zdravotníctvo |
| 610 | 2 | 0 | |a samospráva |
| 610 | 2 | 0 | |a služby verejné |
| 100 | 1 | |a Barinková, Milena | |